000 00445 a2200181 4500
001 110731
020 _a9788560820665
041 _apor
090 _aYear 8 028
100 _aParonuzzi, Fred.
250 _a. ed.
697 _aLiteratura infantojuvenil.
856 _u00001b/00001b35.jpg
040 _aBR-BrIDEA
_cBR-BrIDEA
245 1 0 _aDez anos e nove meses
_c Fred Paronuzzi
260 _a[S.l.]
_bComboio de Corda
_c2011
942 _cBK
999 _c110731
_d110731